1807 1403 1900 1010 1412 1830 1993 1168 1938 1418 1392 1263 1246 1444 1058 1933 1036 1679 1816 1849 1372 1577 1463 1324 1067 1794 1294 1838 1932 1096 1232 1857 1365 1205 1224 1409 1734 1962 1732 1597 1028 1259 1448 1864 1378 1370 1991 1881 1762 1537 1140 1583 1933 1069 1831 1464 1056 1182 1821 1885 1007 1810 1482 1353 1776 1231 1836 1789 1359 1431 1525 1049 1618 1086 1279 1637 1227 1283 1137 1955 1526 1830 1000 1128 1477 1550 1455 1584 1833 1512 1642 1398 1597 1580 1317 1648 1720 1203 1095 BCNSPRNW ULIB Ver.6.0+V

เปลี่ยนเป็นภาษาไทย

Change to English
 แสดงรายละเอียดบรรณานุกรม
  กลับหน้าหลัก

Brief Record : Get Marc (ISO 2709) : E-mail record : QR code < ปิดหน้าต่าง
LEADER : 00000nam 2200000uu 4500
001    13399124444
003     ULIB
008    150722s2557||||th 000 0 tha d
020    ^a9786162711985
060 04 ^aWE141^bว896
245 00 ^aเวชปฎิบัติออร์โธปิดิกส์ผู้ป่วยนอก /^cบรรณาธิการ, ธีระวิทย์ หงส์นภารักษ์,ปรเมศร์ สุวรรณโณ
260    ^aสงขลา :^bภาควิชาศัลยศาสตร์ออร์โธปิดิกส์และกายภาพบำบัดคณะแพทยศาสตร์ มหาวิทยาลัยสงขลานครินทร์^c2557
300    ^a[10], 363 หน้า :^bภาพประกอบ ;^c21 ซม.
505 0  ^aBack Pain in Children ... Joint and Limb Pain in Children ... Neck Pain and Shooting Arm Pain ... Shoulder Pain ... Elbow Pain ... Hand and Wrist Pain ... Low Back Pain and Shooting Leg Pain ... Hip Pain ... Knee Pain ... Foot Pain
650  2 ^aOrthopedics
650  4 ^aออร์โธปิดิกส์
650  4 ^aศัลยกรรมกระดูก^xการวินิจฉัย
700 0  ^aธีระวิทย์ หงส์นภารักษ์,^eบรรณาธิการ
700 0  ^aปรเมศร์ สุวรรณโณ,^eบรรณาธิการ
700 0  ^aสมจิตต์ วิริยานนท์,^eบรรณาธิการ
945    ^p520^l0^i039572
945    ^p520^l0^i039573
945    ^p520^l0^i039574
945    ^p520^l0^i039575
945    ^p520^l0^i039578
945    ^p520^l0^i039579
945    ^p520^l0^i039580
945    ^p520^l0^i039704
999    ^aเกษร โพธิ์สุวรรณ
รายการนี้ยังไม่มีแท็ก
คุณยังไม่ได้ล็อกอิน คุณสามารถมีกิจกรรมร่วมกับเว็บไซต์ได้ แต่ต้องล็อกอินก่อน ::
  ล็อกอิน

รายการสื่อสารสนเทศ

ลำดับที่ ประเภท เลขเรียก/บาร์โค้ด สถานที่ สถานะ
1. วิทยาศาสตร์การแพทย์ และสุขภาพ
วิทยาศาสตร์การแพทย์ และสุขภาพ
สถานะ=หนังสือเก่า
WE141 ว896 ฉ.1 
  Barcode: 039572
ห้องสมุดวิทยาเขตสวรรค์ประชารักษ์
►ส่วนจัดเก็บหนังสือเก่า สปร
บนชั้น
  ขอยืม
2. วิทยาศาสตร์การแพทย์ และสุขภาพ
วิทยาศาสตร์การแพทย์ และสุขภาพ
สถานะ=หนังสือเก่า
WE141 ว896 ฉ.2 
  Barcode: 039573
ห้องสมุดวิทยาเขตสวรรค์ประชารักษ์
►ส่วนจัดเก็บหนังสือเก่า สปร
บนชั้น
  ขอยืม
3. วิทยาศาสตร์การแพทย์ และสุขภาพ
วิทยาศาสตร์การแพทย์ และสุขภาพ
สถานะ=หนังสือเก่า
WE141 ว896 ฉ.3 
  Barcode: 039574
ห้องสมุดวิทยาเขตสวรรค์ประชารักษ์
►ส่วนจัดเก็บหนังสือเก่า สปร
บนชั้น
  ขอยืม
4. วิทยาศาสตร์การแพทย์ และสุขภาพ
วิทยาศาสตร์การแพทย์ และสุขภาพ
สถานะ=หนังสือเก่า
WE141 ว896 ฉ.4 
  Barcode: 039575
ห้องสมุดวิทยาเขตสวรรค์ประชารักษ์
►ส่วนจัดเก็บหนังสือเก่า สปร
บนชั้น
  ขอยืม
5. วิทยาศาสตร์การแพทย์ และสุขภาพ
วิทยาศาสตร์การแพทย์ และสุขภาพ
สถานะ=หนังสือเก่า
WE141 ว896 ฉ.5 
  Barcode: 039578
ห้องสมุดวิทยาเขตสวรรค์ประชารักษ์
►ส่วนจัดเก็บหนังสือเก่า สปร
บนชั้น
  ขอยืม
6. วิทยาศาสตร์การแพทย์ และสุขภาพ
วิทยาศาสตร์การแพทย์ และสุขภาพ
สถานะ=หนังสือเก่า
WE141 ว896 ฉ.6 
  Barcode: 039579
ห้องสมุดวิทยาเขตสวรรค์ประชารักษ์
►ส่วนจัดเก็บหนังสือเก่า สปร
บนชั้น
  ขอยืม
7. วิทยาศาสตร์การแพทย์ และสุขภาพ
วิทยาศาสตร์การแพทย์ และสุขภาพ
สถานะ=หนังสือเก่า
WE141 ว896 ฉ.7 
  Barcode: 039580
ห้องสมุดวิทยาเขตสวรรค์ประชารักษ์
►ส่วนจัดเก็บหนังสือเก่า สปร
บนชั้น
  ขอยืม
8. วิทยาศาสตร์การแพทย์ และสุขภาพ
วิทยาศาสตร์การแพทย์ และสุขภาพ
สถานะ=หนังสือเก่า
WE141 ว896 ฉ.8 
  Barcode: 039704
ห้องสมุดวิทยาเขตสวรรค์ประชารักษ์
►ส่วนจัดเก็บหนังสือเก่า สปร
บนชั้น
  ขอยืม

รายการใกล้เคียง
    หัวเรื่อง [Orthopedics]
    หัวเรื่อง [ออร์โธปิดิกส์]

BibComment


ยังไม่เคยถูกคอมเมนท์

คอมเมนท์ทรัพยากรรายการนี้
  คอมเมนท์: เวชปฎิบัติออร์โธ..


 Copyright 2026. Bcnsprnw @Library